MARC details
| 000 -CABECERA |
| campo de control de longitud fija |
02576cam a2200325 i 4500 |
| 001 - NÚMERO DE CONTROL |
| campo de control |
a38973837 |
| 003 - IDENTIFICADOR DEL NÚMERO DE CONTROL |
| campo de control |
SIRSI |
| 005 - FECHA Y HORA DE LA ÚLTIMA TRANSACCIÓN |
| campo de control |
20250702100849.0 |
| 008 - DATOS DE LONGITUD FIJA--INFORMACIÓN GENERAL |
| campo de control de longitud fija |
210810t20222022enk b 001 0 eng d |
| 020 ## - NÚMERO INTERNACIONAL ESTÁNDAR DEL LIBRO |
| Número Internacional Estándar del Libro |
9781509543588 |
| 035 ## - NÚMERO DE CONTROL DEL SISTEMA |
| Número de control de sistema |
(OCoLC)1263257944 |
| 040 ## - FUENTE DE LA CATALOGACIÓN |
| Centro catalogador/agencia de origen |
YDX |
| Lengua de catalogación |
eng |
| Normas de descripción |
rda |
| Centro/agencia transcriptor |
YDX |
| Centro/agencia modificador |
BDX |
| -- |
UKMGB |
| -- |
OCLCO |
| -- |
OCLCF |
| -- |
CDX |
| -- |
YDX |
| -- |
QGK |
| -- |
CIA |
| -- |
TOH |
| -- |
SHS |
| -- |
OCL |
| -- |
UtOrBLW |
| 041 ## - CÓDIGO DE LENGUA |
| Código de lengua del texto/banda sonora o título independiente |
eng |
| 050 #4 - SIGNATURA TOPOGRÁFICA DE LA BIBLIOTECA DEL CONGRESO |
| Número de clasificación |
P96.D36 |
| Número de documento/Ítem |
M66 2022 |
| 100 ## - ENTRADA PRINCIPAL--NOMBRE DE PERSONA |
| Nombre de persona |
Monaco, Nick |
| Término indicativo de función/relación |
author |
| 9 (RLIN) |
25615 |
| 245 10 - MENCIÓN DE TÍTULO |
| Título |
Bots |
| Mención de responsabilidad, etc. |
/ Nick Monaco, Samuel Woolley. |
| 260 ## - PUBLICACIÓN, DISTRIBUCIÓN, ETC. |
| Lugar de publicación, distribución, etc. |
Cambridge, MA : |
| Nombre del editor, distribuidor, etc. |
Polity Press, |
| Fecha de publicación, distribución, etc. |
2022. |
| 300 ## - DESCRIPCIÓN FÍSICA |
| Extensión |
viii, 198 pages ; |
| Dimensiones |
22 cm. |
| 490 ## - MENCIÓN DE SERIE |
| Mención de serie |
Digital media and society series |
| 504 ## - NOTA DE BIBLIOGRAFÍA, ETC. |
| Nota de bibliografía, etc. |
Includes bibliographical references (pages 159-187) and index. |
| 505 0# - NOTA DE CONTENIDO CON FORMATO |
| Nota de contenido con formato |
What is a bot? — Bots and social life — Bots and political life — Bots and commerce — Bots and artificial intelligence — Theorizing the bot — Conclusion: The future of bots. |
| 520 8# - SUMARIO, ETC. |
| Sumario, etc. |
Bots – automated software applications programmed to perform tasks online – have become a feature of our everyday lives, from helping us navigate online systems to assisting us with online shopping. Yet, despite enabling internet users, bots are increasingly associated with disinformation and concerning political intervention.<br/><br/>In this ground-breaking book, Monaco and Woolley offer the first comprehensive overview of the history of bots, tracing their varied applications throughout the past sixty years and bringing to light the astounding influence these computer programs have had on how humans understand reality, communicate with each other, and wield power. Drawing upon the authors' decade of experience in the field, this book examines the role bots play in politics, social life, business, and artificial intelligence. Despite bots being a fundamental part of the web since the early 1990s, the authors reveal how the socially oriented ones continue to play an integral role in online communication globally, especially as our daily lives become increasingly automated.<br/><br/>This timely book is essential reading for students and scholars in Media and Communication Studies, Sociology, Politics, and Computer Science, as well as general readers with an interest in technology and public affairs. |
| 650 #0 - PUNTO DE ACCESO ADICIONAL DE MATERIA--TÉRMINO DE MATERIA |
| Término de materia o nombre geográfico como elemento de entrada |
Mass media |
| Subdivisión general |
Technological innovations |
| 9 (RLIN) |
25616 |
| 650 #0 - PUNTO DE ACCESO ADICIONAL DE MATERIA--TÉRMINO DE MATERIA |
| Término de materia o nombre geográfico como elemento de entrada |
Human-computer interaction |
| 9 (RLIN) |
25617 |
| 650 #0 - PUNTO DE ACCESO ADICIONAL DE MATERIA--TÉRMINO DE MATERIA |
| Término de materia o nombre geográfico como elemento de entrada |
Artificial Intelligence |
| 9 (RLIN) |
14147 |
| 650 #0 - PUNTO DE ACCESO ADICIONAL DE MATERIA--TÉRMINO DE MATERIA |
| Término de materia o nombre geográfico como elemento de entrada |
Application software |
| 9 (RLIN) |
25618 |
| 650 #0 - PUNTO DE ACCESO ADICIONAL DE MATERIA--TÉRMINO DE MATERIA |
| Término de materia o nombre geográfico como elemento de entrada |
Generators (Computer programs) |
| 9 (RLIN) |
25619 |
| 700 ## - ENTRADA AGREGADA--NOMBRE PERSONAL |
| Nombre de persona |
Woolley, Samuel C. |
| Término indicativo de función/relación |
author |
| 9 (RLIN) |
25620 |
| 942 ## - ELEMENTOS DE ENTRADA AGREGADA (KOHA) |
| Fuente del sistema de clasificación o colocación |
Clasificación de Library of Congress |